Statistics for 中国机场专名大挑战Chinese Airports' Special Names

Click here to take the quiz!

General Stats

  • This quiz has been taken 155 times
    (103 since last reset)
  • The average score is 83 of 264

Answer Stats

HintAnswer% Correct
北京(北)首都国际机场
100%
北京(南)大兴国际机场
100%
天津滨海国际机场
90%
上海(西)虹桥国际机场
86%
上海(东)浦东国际机场
86%
广州白云国际机场
80%
杭州萧山国际机场
80%
成都(东)天府国际机场
78%
成都(西)
双流国际机场
77%
深圳宝安国际机场
77%
南京禄口国际机场
76%
西安咸阳国际机场
74%
武汉天河国际机场
74%
海口美兰国际机场
73%
石家庄正定国际机场
73%
大连周水子国际机场
73%
长沙黄花国际机场
72%
重庆(主)江北国际机场
71%
郑州新郑国际机场
70%
厦门高崎国际机场
68%
沈阳桃仙国际机场
68%
无锡硕放国际机场
66%
三亚凤凰国际机场
66%
乌鲁木齐地窝堡国际机场
63%
哈尔滨太平国际机场
63%
昆明长水国际机场
62%
太原武宿国际机场
61%
拉萨贡嘎国际机场
60%
济南遥墙国际机场
59%
台北(南)桃园国际机场
58%
福州长乐国际机场
58%
青岛胶东国际机场
58%
贵阳龙洞堡国际机场
57%
长春龙嘉国际机场
53%
常州奔牛国际机场
51%
揭阳潮汕国际机场
51%
南宁吴圩国际机场
51%
香港国际机场
51%
澳门国际机场
51%
兰州中川国际机场
50%
呼和浩特白塔国际机场
50%
秦皇岛北戴河机场
49%
宁波栎社国际机场
49%
合肥新桥国际机场
47%
稻城亚丁机场
47%
南昌昌北国际机场
46%
泉州晋江国际机场
43%
扬州泰州国际机场
43%
徐州观音国际机场
42%
九寨黄龙机场
42%
台北(市区)松山国际机场
42%
烟台蓬莱国际机场
41%
连云港花果山国际机场
40%
唐山三女河机场
40%
温州龙湾国际机场
40%
遵义(西)茅台机场
39%
义乌机场
39%
西宁曹家堡国际机场
39%
舟山普陀山机场
39%
武夷山机场
38%
大同云冈国际机场
38%
呼伦贝尔海拉尔国际机场
38%
珠海金湾机场
38%
佛山沙堤机场
37%
白山长白山机场
37%
三沙永兴机场
37%
银川河东国际机场
36%
琼海博鳌机场
36%
三明沙县机场
36%
桂林两江国际机场
34%
威海大水泊国际机场
34%
邯郸机场
34%
衢州机场
34%
台中(清泉岗)机场
34%
迪庆香格里拉机场
33%
台州路桥机场
33%
东营胜利机场
33%
阜阳(西关)机场
32%
潍坊(南苑)机场
32%
高雄(小港)国际机场
32%
南通兴东国际机场
32%
鄂州花湖国际机场
31%
牡丹江海浪国际机场
31%
宜宾五粮液机场
31%
乌海机场
31%
抚远东极机场
31%
甘孜(首府)康定机场
31%
芜湖宣州机场
31%
包头东河机场
30%
吉安井冈山机场
30%
洛阳北郊国际机场
30%
济宁大安机场
30%
重庆(东)仙女山机场
29%
湛江吴川机场
29%
伊春林都机场
29%
忻州五台山机场
29%
河池金城江机场
29%
万州五桥机场
29%
延吉朝阳川国际机场
29%
宜昌三峡国际机场
29%
梅州梅县机场
29%
通辽机场
29%
台东(丰年)机场
29%
花莲机场
29%
丽江三义国际机场
29%
赣州黄金机场
29%
澎湖机场
29%
池州九华山机场
28%
海西(首府)德令哈机场
28%
衡阳南岳机场
28%
锡林浩特机场
28%
张家口宁远机场
28%
敦煌莫高国际机场
28%
朝阳机场
28%
丹东浪头国际机场
28%
长治王村机场
28%
大庆萨尔图机场
28%
安顺黄果树机场
28%
九江庐山机场
28%
安庆天柱山机场
28%
台南机场
28%
菏泽牡丹机场
28%
漠河古莲机场
28%
日照山字河机场
28%
鄂尔多斯伊金霍洛国际机场
28%
淮安涟水国际机场
27%
德宏芒市机场
27%
黑河瑷珲机场
27%
遵义(东)新舟机场
27%
十堰武当山机场
27%
格尔木机场
26%
柳州白莲机场
26%
中卫沙坡头机场
26%
赤峰玉龙机场
26%
满洲里西郊国际机场
26%
松原查干湖机场
26%
张家界荷花国际机场
26%
常德桃花源机场
26%
乌兰察布集宁机场
26%
榆林榆阳机场
26%
荆州沙市机场
26%
宁蒗泸沽湖机场
26%
锦州锦州湾机场
24%
上饶三清山机场
24%
绵阳南郊机场
24%
天水麦积山机场
24%
扎兰屯成吉思汗机场
24%
安阳红旗渠机场
24%
林芝米林机场
24%
建三江湿地机场
24%
信阳明港机场
24%
北海福成国际机场
24%
佳木斯东郊国际机场
24%
怀化芷江机场
24%
黄山屯溪国际机场
24%
铜仁凤凰机场
23%
重庆(东北)巫山机场
23%
西双版纳嘎洒国际机场
23%
盐城南洋国际机场
23%
鸡西兴凯湖机场
23%
齐齐哈尔三家子机场
23%
伊宁国际机场
23%
承德普宁机场
23%
宜春明月山机场
22%
鞍山腾鳌机场
22%
临沂启阳国际机场
22%
襄阳刘集机场
22%
连城冠豸山机场
22%
阿坝红原机场
22%
运城张孝国际机场
22%
湘西边城机场
22%
邵阳武冈机场
22%
普洱思茅机场
22%
庆阳(西峰)机场
22%
大理凤仪机场
21%
延安南泥湾机场
21%
阿尔山伊尔施机场
21%
吕梁大武机场
21%
临汾尧都机场
21%
阿里昆莎机场
21%
富蕴可可托海机场
21%
韶关丹霞机场
21%
恩施许家坪机场
21%
惠州平潭机场
21%
南阳姜营机场
21%
岳阳三荷机场
21%
汉中城固机场
20%
陇南成县机场
20%
昌都邦达机场
20%
金昌金川机场
20%
张掖甘州机场
20%
日喀则(东)和平机场
20%
巴彦淖尔天吉泰机场
20%
黔江武陵山机场
20%
营口兰旗机场
20%
永州零陵机场
20%
玉林福绵机场
20%
吐鲁番交河机场
20%
霍林郭勒霍林河机场
20%
腾冲驼峰机场
20%
布尔津喀纳斯机场
20%
甘南夏河机场
19%
巴中恩阳机场
19%
海西(西)花土沟机场
19%
朔州滋润机场
19%
通化三源浦机场
19%
达州金垭机场
19%
西昌青山机场
19%
攀枝花保安营机场
19%
大兴安岭鄂伦春机场
19%
兴义万峰林机场
19%
库车龟兹机场
18%
毕节飞雄机场
18%
哈密伊州机场
18%
嘉峪关酒泉机场
18%
百色巴马机场
18%
黔南荔波机场
17%
神农架红坪机场
17%
喀什徕宁国际机场
17%
图木舒克唐王城机场
17%
五大连池德都机场
17%
安康富强机场
17%
新源那拉提机场
17%
南充高坪机场
17%
泸州云龙机场
17%
郴州北湖机场
17%
广元盘龙机场
17%
乌兰浩特义勒力特机场
17%
景德镇罗家机场
17%
固原六盘山机场
17%
日喀则(西)定日机场
17%
阿拉善左旗巴彦浩特机场
17%
甘孜(西)格萨尔机场
17%
二连浩特赛乌素机场
17%
白城长安机场
16%
阿克苏红旗坡机场
16%
凯里黄平机场
16%
海北祁连机场
16%
若羌楼兰机场
16%
库尔勒梨城机场
16%
玉树巴塘机场
16%
梧州西江机场
16%
澜沧景迈机场
16%
阆中古城机场
14%
昭苏天马机场
14%
果洛玛沁机场
14%
博乐阿拉山口机场
14%
昭通昭阳机场
14%
阿勒泰雪都机场
14%
于田万方机场
14%
石河子花园机场
13%
塔什库尔干红其拉甫机场
13%
莎车叶尔羌机场
13%
和田昆冈机场
13%
克拉玛依古海机场
13%
保山云瑞机场
13%
且末玉都机场
13%
金门尚义机场
12%
六盘水月照机场
12%
塔城千泉机场
11%
沧源佤山机场
11%
文山砚山机场
11%
阿拉尔塔里木机场
10%
临沧博尚机场
8%

Score Distribution

Percentile by Number Answered

Percent of People with Each Score

Your Score History

You have not taken this quiz since the last reset